Top 10 Manchester City Premier League Goalscorers - Statistics

General Stats
  • This quiz has been taken 89 times
  • The average score is 7 of 10
Answer Stats
Goals Answer % Correct
184 Aguero
98%
61 De Bruyne
85%
60 Silva
81%
91 Sterling
81%
50 Dzeko
67%
58 Jesus
62%
62 Toure
62%
43 Mahrez
49%
58 Tevez
49%
39 Gundogan
37%
No matching quizzes found
Score Distribution
Percent of People with Each Score
Percentile by Number Answered
Your Score History
You have not taken this quiz